| 000 | 00861nam a2200181 a 4500 | ||
|---|---|---|---|
| 008 | 120416s1967 ||||||||||||||||| || u | ||
| 050 | _aHD 82 Eco | ||
| 100 | _aJohnson, Harry Gordon | ||
| 245 | 1 | 0 |
_aEconomic nationalism in old and new states _cedited and with chapters by Harry G. Johnson |
| 260 |
_aLondon _bGeorge Allen and Unwin Ltd _c1967 |
||
| 300 | _axi, 145p. | ||
| 350 | _a0.00 | ||
| 650 | 0 | _aDEVELOPING COUNTRIES--ECONOMIC POLICY--CASE STUDIES | |
| 650 | _aNATIONALISM--CASE STUDIES | ||
| 650 | _aECONOMIC POLICY--CASE STUDIES | ||
| 995 |
_D0.00 _FCBU-MAIN LIBRARY (Kitwe) _H1 _I0.00 _M1 _UAVAILABLE _ZMain Library Open Access Collection |
||
| 995 |
_FCBU-DAG HAMMARSKJOLD INSTITUTE LIBRARY _I0.00 _M2 _UAVAILABLE _WNov 27, 2012 _ZDHIPS Book Collection |
||
| 999 |
_c30620 _d30620 |
||